|
|
|
|
| LEADER |
00000nam0a2200000 4500 |
| 001 |
144926 |
| 005 |
20231031143854.0 |
| 020 |
|
|
|a RU
|b 88-2065
|
| 035 |
|
|
|a (RuTPU)RU\TPU\book\157080
|
| 090 |
|
|
|a 144926
|
| 100 |
|
|
|a 20081010d1987 m y0rusy5003 ca
|
| 101 |
1 |
|
|a rus
|c uzb
|
| 102 |
|
|
|a RU
|
| 105 |
|
|
|a c z 000ay
|
| 200 |
1 |
|
|a Возвращение в Галатепе
|e повести, рассказы
|e пер. с узб.
|f М. Мухаммад-Дост
|g худож. К. Высоцкая
|
| 210 |
|
|
|a Москва
|c Советский писатель
|d 1987
|
| 215 |
|
|
|a 412,[2] с.
|c портр.
|d 21 см
|
| 610 |
1 |
|
|a узбекская литература
|
| 610 |
1 |
|
|a повести
|
| 610 |
1 |
|
|a рассказы
|
| 675 |
|
|
|a 894.375
|z rus
|
| 700 |
|
1 |
|a Мухаммад-Дост
|b М.
|g Мурад
|4 070
|
| 702 |
|
1 |
|a Высоцкая
|b К.
|4 440
|
| 801 |
|
0 |
|a RU
|b RuMRKP
|c 19950417
|g psbo
|
| 801 |
|
1 |
|a RU
|b 63413507
|c 20081010
|g PSBO
|
| 801 |
|
2 |
|a RU
|b 63413507
|c 20081010
|g PSBO
|
| 942 |
|
|
|c BK
|